Loading...

Arthshastra paribhasha kosh /

Bibliographic Details
Other Authors: Sdharshan Kumar Kapoor
Format: Printed Book
Published: New Delhi: Rajkamal, 2008.
Subjects:
LEADER 00539cam a2200169ua 4500
008 110613t2008||||||||||| 00 ||||| c
082 |a 330.151 2  |b KAP/A 
245 0 2 |a Arthshastra paribhasha kosh /  
260 |a New Delhi:  |b Rajkamal,  |c 2008. 
300 |a 212p.. 
362 1 |a 2008. 
650 |a Arthshatra-Economics 
650 0 |a Economics 
700 0 2 |a Sdharshan Kumar Kapoor,  
942 |c BK 
999 |c 25890  |d 25890 
952 |0 0  |1 0  |4 0  |6 330_151000000000000_2_KAP  |7 0  |9 27615  |a KUCL  |b KUCL  |d 2014-05-23  |l 0  |o 330.151 2 KAP/  |p 26525  |r 2014-05-23  |w 2014-05-23  |y BK